| 000 | 02806nab a2200289 a 4500 | ||
|---|---|---|---|
| 005 | 20230610063604.0 | ||
| 008 | 991125c2019 sp fr p o 000 0 spa d | ||
| 035 | _aUPN01000235402 | ||
| 040 |
_aMX-MxUPN _bspa _cMX-MxUPN _eaacr2 |
||
| 049 | _aART-E | ||
| 100 | 1 |
_aMorentin Encina, Javier _6- jmorentin@edu.uned.es |
|
| 100 | 1 | _aBallesteros Velázquez, Belén | |
| 100 | 1 | _aMateus, Sandra | |
| 245 | 1 | 0 |
_a¿Igualdad de oportunidades? Más que el mero acceso: trayectorias y narrativas de jóvenes en fracaso y abandono educativo en España y Portugal _h[recurso electrónico en línea] |
| 506 | 0 | _aAcceso abierto | |
| 520 | 3 | _aLa equidad e igualdad de oportunidades en educación son objetivos presentes en los marcos legislativos de los países de la Unión Europea. Uno de los indicadores utilizados por excelencia para garantizar el cumplimiento de estos objetivos es el Abandono Temprano de la Educación y Formación (ATEF). En los últimos años el nivel de abandono ha disminuido en países como España y Portugal, escenarios de nuestro estudio. Sin embargo, debido a la complejidad de los procesos de abandono, no podemos atribuirlo a una única causa. Nuestro interés es analizarlo desde la experiencia escolar: cómo se vive el ATEF y cómo se piensa una escuela que garantice el éxito de todos-as. Para ello, recogemos la perspectiva de los jóvenes que lo protagonizan, a través de historias de vida, entrevistas en profundidad y grupos focales. En la narrativa de los estudiantes sobre su etapa de escolaridad, las prácticas de atención a la diversidad quedan traducidas a vivencias de exclusión. En la escuela masificada el fracaso escolar y la segregación son formas frecuentes de respuesta a la diversidad. Los recursos y las condiciones de aprendizaje continúan marcados por deficiencias, particularmente entre quienes están en situaciones de mayor vulnerabilidad social. El nivel teórico donde se mueve la regulación del sistema educativo trata de favorecer la capacidad y motivación por aprender. Sin embargo, la práctica se ve impulsada por otras inercias que explican lo que ocurre en las escuelas desde la lógica de la acumulación y competencia, dejando a un lado el compromiso por la equidad. | |
| 650 | 4 |
_aIgualdad de oportunidades en educación _95002 |
|
| 650 | 2 |
_95660 _aJóvenes |
|
| 650 | 4 |
_aFracaso escolar _94966 |
|
| 653 | 0 | _aNarrativa | |
| 773 |
_gVol. 21, no. 2 (2019), p. 143-159 _tFuentes : revista de la Facultad de Ciencias de la Educación _x2172-7775 |
||
| 856 | 4 | 0 | _uhttps://revistascientificas.us.es/index.php/fuentes/article/view/10592/9715 |
| 856 | 4 | 0 |
_uhttp://dx.doi.org/10.12795/revistafuentes.2019.v21.i2.01 _zConsultar articulo completo |
| 902 |
_aGloriaJiménez _bGloriaJiménez/290922 |
||
| 905 | _aArticulo | ||
| 942 | _cART-E | ||
| 999 |
_c207497 _d207497 |
||